<?xml version="1.0" encoding="UTF-8"?><?xml-stylesheet type="text/xsl" href="static/style.xsl"?><OAI-PMH xmlns="http://www.openarchives.org/OAI/2.0/" xmlns:xsi="http://www.w3.org/2001/XMLSchema-instance" xsi:schemaLocation="http://www.openarchives.org/OAI/2.0/ http://www.openarchives.org/OAI/2.0/OAI-PMH.xsd"><responseDate>2026-06-07T17:26:29Z</responseDate><request verb="GetRecord" identifier="oai:docta.ucm.es:20.500.14352/109857" metadataPrefix="marc">https://docta.ucm.es/rest/oai/request</request><GetRecord><record><header><identifier>oai:docta.ucm.es:20.500.14352/109857</identifier><datestamp>2025-03-18T12:56:47Z</datestamp><setSpec>com_20.500.14352_14</setSpec><setSpec>col_20.500.14352_15</setSpec></header><metadata><record xmlns="http://www.loc.gov/MARC21/slim" xmlns:dcterms="http://purl.org/dc/terms/" xmlns:xsi="http://www.w3.org/2001/XMLSchema-instance" xmlns:doc="http://www.lyncode.com/xoai" xsi:schemaLocation="http://www.loc.gov/MARC21/slim http://www.loc.gov/standards/marcxml/schema/MARC21slim.xsd">
   <leader>00925njm 22002777a 4500</leader>
   <datafield ind2=" " ind1=" " tag="042">
      <subfield code="a">dc</subfield>
   </datafield>
   <datafield ind2=" " ind1=" " tag="720">
      <subfield code="a">Lázaro Martínez, José Luis</subfield>
      <subfield code="e">author</subfield>
   </datafield>
   <datafield ind2=" " ind1=" " tag="720">
      <subfield code="a">Álvaro Afonso, Francisco Javier</subfield>
      <subfield code="e">author</subfield>
   </datafield>
   <datafield ind2=" " ind1=" " tag="720">
      <subfield code="a">García Álvarez, Yolanda</subfield>
      <subfield code="e">author</subfield>
   </datafield>
   <datafield ind2=" " ind1=" " tag="720">
      <subfield code="a">Molines Barroso, Raúl Juan</subfield>
      <subfield code="e">author</subfield>
   </datafield>
   <datafield ind2=" " ind1=" " tag="720">
      <subfield code="a">García Morales, Esther Alicia</subfield>
      <subfield code="e">author</subfield>
   </datafield>
   <datafield ind2=" " ind1=" " tag="720">
      <subfield code="a">Sevillano Fernández, David</subfield>
      <subfield code="e">author</subfield>
   </datafield>
   <datafield ind2=" " ind1=" " tag="260">
      <subfield code="c">2018-05-08</subfield>
   </datafield>
   <datafield ind2=" " ind1=" " tag="520">
      <subfield code="a">Objective:
 To evaluate the clinical and microbiological effects of sequential wound debridement in a case series of neuroischaemic diabetic foot ulcers (DFUs) using an ultrasound-assisted wound debridement (UAW) device. 

Method:
 A prospective, single-centre study, involving a case series of 24 neuroischaemic DFUs, was conducted to evaluate sequential wound debridement with UAW during a six-week treatment period. Soft tissue punch biopsies were taken every second week of treatment, both before and after wound debridement sessions. Qualitative and quantitative microbiological analysis was performed and wounds were assessed at patient admission, and before and after each debridement procedure. 

Results:
 Wound tissue quality scores improved significantly from a mean score of 2.1±1.3 points at patient inclusion, to 5.3±1.7 points (p=0.001). Mean wound sizes were 4.45cm2 (range: 2–12.25cm2) at week zero, and 2.75cm2 (range: 1.67–10.70cm2) at week six (p=0.04). The mean number of bacterial species per culture determined at week zero and at week six was 2.53±1.55 and 1.90±1.16, respectively (p=0.023). Wound debridement resulted in significant decreases in bacterial counts (1.17, 1.31 and 0.77 log units in colony forming units (CFU) for week zero, three and six, respectively). The average bacterial load in tissue samples before and after wound debridement after the six-week treatment was Log 5.55±0.91CFU/g and Log 4.59±0.89CFU/g, respectively (p&lt;0.001). 

Conclusions:
 The study results showed a significant bacterial load reduction in DFU tissue samples as a result of UAW debridement, independent of bacterial species, some of which exhibited antibiotic-resistance. Significant bacterial load reduction was correlated with improved wound conditions and significant reductions of wound size.</subfield>
   </datafield>
   <datafield ind1="8" ind2=" " tag="024">
      <subfield code="a">Lázaro-Martínez JL, Álvaro-Afonso FJ, García-Álvarez Y, Molines-Barroso RJ, García-Morales E, Sevillano-Fernández D. Ultrasound-assisted debridement of neuroischaemic diabetic foot ulcers, clinical and microbiological effects: a case series. J Wound Care. 2018 May 2;27(5):278-286.</subfield>
   </datafield>
   <datafield ind1="8" ind2=" " tag="024">
      <subfield code="a">0969-0700</subfield>
   </datafield>
   <datafield ind1="8" ind2=" " tag="024">
      <subfield code="a">2052-2916</subfield>
   </datafield>
   <datafield ind1="8" ind2=" " tag="024">
      <subfield code="a">10.12968/jowc.2018.27.5.278</subfield>
   </datafield>
   <datafield ind1="8" ind2=" " tag="024">
      <subfield code="a">https://hdl.handle.net/20.500.14352/109857</subfield>
   </datafield>
   <datafield ind1="8" ind2=" " tag="024">
      <subfield code="a">https://doi.org/10.12968/jowc.2018.27.5.278</subfield>
   </datafield>
   <datafield ind1="8" ind2=" " tag="024">
      <subfield code="a">https://www.magonlinelibrary.com/doi/abs/10.12968/jowc.2018.27.5.278</subfield>
   </datafield>
   <datafield ind2="0" ind1="0" tag="245">
      <subfield code="a">Ultrasound-assisted debridement of neuroischaemic diabetic foot ulcers, clinical and microbiological effects: a case series</subfield>
   </datafield>
</record></metadata></record></GetRecord></OAI-PMH>